000
00254nam a22001097a 4500
082
_a
515.63 AND'E
100
_a
ANDREWS, A
_9
56354
245
_a
ESSENTIALS OF VECTOR AND PHASE ANALYSIS
260
_a
NEWYORK
_b
HOWARD
_c
1963
300
_a
128P
942
_c
BK
999
_c
566800
_d
566800